1737 1633 1657 1810 1816 1011 1603 1059 1014 1088 1706 1684 1226 1077 1045 1339 1735 1522 1497 1327 1454 1306 1149 1542 1653 1740 1324 1668 1048 1672 1140 1876 1983 1267 1730 1792 1934 1240 1464 1247 1413 1477 1411 1287 1890 1553 1970 1906 1827 1431 1766 1740 1321 1783 1763 1904 1016 1913 1525 1888 1159 1444 1870 1081 1521 1253 1735 1987 1974 1843 1800 1912 1125 1244 1023 1063 1572 1312 1857 1139 1906 1665 1386 1697 1421 1094 1284 1036 1830 1060 1412 1036 1632 1425 1743 1866 1957 1289 1182 BCNSPRNW ULIB Ver.6.0+V

เปลี่ยนเป็นภาษาไทย

Change to English
 แสดงรายละเอียดบรรณานุกรม
  กลับหน้าหลัก

Brief Record : Get Marc (ISO 2709) : E-mail record : QR code < ปิดหน้าต่าง
LEADER : 00000nam 2200000uu 4500
001    13399107795
003     ULIB
008    110203s2552||||th 000 0 tha d
020    9789749608371(ล.1)
060 04 QY400^bป111ค ล.1 2552
100 0  ประสาร เปรมะสกุล,^cพลเอก
245 10 คู่มือแปลผลตรวจเลือด.^nเล่มแรก /^cพลเอก ประสาร เปรมะสกุล
250    พิมพ์ครั้งที่ 1
260    กรุงเทพฯ :^bอรุณการพิมพ์,^c2552
300    372 หน้า :^bภาพประกอบ ;^c23 ซม.
440  0 หนังสือชุดชีววิถีแนวใหม่ ;^vเล่มที่ 5
591    LIRV มีพิมพ์ครั้งที่ 3, 2552
591    LINS มีพิมพ์ครั้งที่ 3 (พ.ศ. 2552)
591    BNSDM มีพิมพ์ครั้งที่ 3 (พ.ศ. 2552)
650  7 เลือด, การตรวจ
945    ^p350^l0^i025878
945    ^p350^l0^i025877
945    ^p350^l0^i025876
945    ^p350^l0^i025875
945    ^p350^l0^i025873
945    ^p350^l0^i025084
945    ^p350^l0^i025083
945    ^p350^l0^i025081
945    ^p350^l0^i027317
945    ^p350^l0^i025874
945    ^p350^l0^i025082
995    ทศพร
999 ^a ใช้งานได้ทุกระบบ
รายการนี้ยังไม่มีแท็ก
คุณยังไม่ได้ล็อกอิน คุณสามารถมีกิจกรรมร่วมกับเว็บไซต์ได้ แต่ต้องล็อกอินก่อน ::
  ล็อกอิน

รายการสื่อสารสนเทศ

ลำดับที่ ประเภท เลขเรียก/บาร์โค้ด สถานที่ สถานะ
- ไม่พบข้อมูล -

รายการใกล้เคียง
    หัวเรื่อง [เลือด, การตรวจ]

BibComment


ยังไม่เคยถูกคอมเมนท์

คอมเมนท์ทรัพยากรรายการนี้
  คอมเมนท์: คู่มือแปลผลตรวจเล..


 Copyright 2026. Bcnsprnw @Library